| 000 | 01191nam a2200229Ia 4500 | ||
|---|---|---|---|
| 001 | 11477 | ||
| 003 | GE_BSU | ||
| 008 | 181216s||||||||xx |||||||||||||| ||und|| | ||
| 040 | _cGE_BSU | ||
| 080 | _a631.3+621.37:621.3 | ||
| 100 | _aმეტრეველი,ვ. | ||
| 245 | _aსოფლის მეურნეობის საწარმოო პროცესების ელექტრომექანიზაციისა და ავტომატიზაციის დაპროექტების საფუძვლები. | ||
| 245 | _bნაწ.1. | ||
| 245 | _cრედ:ვ.დიდებულაძე. | ||
| 260 | _aთბილისი. | ||
| 260 | _bსაქ–ს სას–სამ. ინ–ტის გამ–ბა. | ||
| 260 | _c1962. | ||
| 300 | _a188გვ;24სმ. | ||
| 300 | _eილ;ცხრ. | ||
| 653 | _aსოფლის მეურნეობის საწარმოო პროცესების ელექტრომექანიზაციისა და ავტომატიზაციის დაპროექტების საფუძვლები. | ||
| 942 | _cBK | ||
| 999 |
_c44674 _d44674 |
||